000
00336cam a2200145ua 4500
041
_a
eng
_h
082
_a
925
_b
ATT/LO
100
_a
Attwood, Evelyn .
245
_a
Louispasteur /
_c
Evelyn Attwood.
_h
Textual Documents
260
_a
London :
_b
Longman ,
_c
1960.
300
_a
154 ; .
504
_a
942
_c
BK
999
_c
612
_d
612